Deutschsprachige Schriftsteller A-Z - Statistiken

Allgemein
  • Dieses Quiz wurde 294 mal gespielt
  • Das Durchschnittsergebnis liegt bei 10 aus 23
Antwortstatistiken
Werke Schriftsteller % Korrekt
S Die Räuber, Kabale und Liebe, Die Bürgschaft, Das Lied von der Glocke Friedrich Schiller
94%
G Kinder- und Haus-Märchen (mit seinem Bruder Wilhelm), Deutsche Grammatik, Deutsche Mythologie Jacob Grimm
89%
E Jim Knopf, Momo, Die unendliche Geschichte Michael Ende
88%
M Buddenbrooks, Der Zauberberg, Mario und der Zauberer Thomas Mann
85%
K Das Urteil, Die Verwandlung, Das Schloß Franz Kafka
84%
L Emilia Galotti, Nathan der Weise, Die drey Reiche der Natur Gotthold Ephraim Lessing
80%
H Siddhartha, Der Steppenwolf, Narziss und Goldmund, Demian Hermann Hesse
77%
B Die verlorene Ehre der Katharina Blum, Ansichten eines Clowns, Gruppenbild mit Dame Heinrich Böll
63%
P Die kleine Hexe, Der Räuber Hotzenplotz, Krabat Otfried Preußler
62%
Z Schachnovelle, Ungeduld des Herzens, Joseph Fouché Stefan Zweig
59%
R Im Westen nichts Neues, Der Weg zurück, Der Funke Leben Erich Maria Remarque
54%
D Die Judenbuche, Der Knabe im Moor, Joseph. Eine Kriminalgeschichte Annette von Droste-Hülshoff
43%
F Das Joshua-Profil, Auris, Die Therapie, Das Geschenk Sebastian Fitzek
28%
T Rheinsberg: Ein Bilderbuch für Verliebte, Schloß Gripsholm, Walter Hasenclever Kurt Tucholsky
27%
C Todesfuge, Mohn und Gedächtnis, Von Schwelle zu Schwelle Paul Celan
26%
W Ein fliehendes Pferd, Tod eines Kritikers, Finks Krieg Martin Walser
25%
N Geistliche Lieder, Hymnen an die Nacht, Wenn nicht mehr Zahlen und Figuren Novalis
22%
A Des Knaben Wunderhorn, Hollin’s Liebeleben, Isabella von Ägypten Achim von Arnim
21%
J Jahrestage, Zwei Ansichten, Eine Reise nach Klagenfurt Uwe Johnson
12%
O Die Erfindung des Lebens, Lo und Lu, Im Licht der Lagune Hanns-Josef Ortheil
3%
U Frauendienst, Sumervar ist nu gar, Disiu liet heizent frouwen tanz Ulrich von Liechtenstein
3%
I Münchhausen, Tristan und Isolde, Der neue Pygmalion Karl Immermann
2%
V Ija, der Esel von der blauen Wiese, Das Windhahn-Syndrom, Der Honigtopf Winfried Völlger
1%
Keine übereinstimmenden Quizze gefunden
Verteilung der Resultate
Anzahl Personen mit jedem Resultat
Perzentil nach korrekt beantworteten Fragen
Ihre Resultats-Entwicklung
Sie haben dieses Quiz noch nicht gespielt